00293nam a2200109Ia 4500100001500000654002900015245005800044260004200102082002000144300000700164546001200171 aNayar/ H.  amisconducts by employees aHow to punish your employees on various misconducts bLaw book corporationaNew Delhic1987 a351.180954bNAY a46 aENGLISH